[Event "World Youth U16 Olympiad"]
[Site "Gyor HUN"]
[Date "2014.12.21"]
[Round "10.18"]
[Board "2"]
[White "Stefanov, Emil"]
[Black "Acs, Marton"]
[Result "1-0"]
[WhiteElo "2134"]
[BlackElo "1969"]
[WhiteTeam "Bulgaria"]
[BlackTeam "Transdanubium West"]
[WhiteFideId "2914794"]
[BlackFideId "765139"]
[EventDate "2014.12.13"]

1. d4 Nf6 2. c4 e6 3. Nf3 d5 4. g3 Bb4+ 5. Bd2 Be7 6. Bg2 c6 7. Qc2 Nbd7 8. O-O
O-O 9. Bf4 b6 10. Nbd2 Ba6 11. Rac1 Rc8 12. e4 Nh5 13. Be3 f5 14. exf5 exf5 15.
Rfe1 f4 16. Bxf4 Nxf4 17. gxf4 Rxf4 18. cxd5 cxd5 19. Qb3 Nf6 20. Qe3 Bd6 21.
Qe6+ Kf8 22. Ng5 Rc7 23. Rxc7 Qxc7 24. Nxh7+ 1-0

[Event "World Youth U16 Olympiad"]
[Site "Gyor HUN"]
[Date "2014.12.21"]
[Round "10.18"]
[Board "3"]
[White "Arvai, Eszter"]
[Black "Petrov, Vladimir Sergeev"]
[Result "0-1"]
[WhiteElo "1978"]
[BlackElo "2055"]
[WhiteTeam "Transdanubium West"]
[BlackTeam "Bulgaria"]
[WhiteFideId "732583"]
[BlackFideId "2902940"]
[EventDate "2014.12.13"]

1. d4 Nf6 2. Nf3 e6 3. g3 d5 4. Bg2 Be7 5. O-O O-O 6. Nbd2 c5 7. e3 Nc6 8. b3 b5
9. c4 bxc4 10. bxc4 Rb8 11. Ba3 cxd4 12. Bxe7 Nxe7 13. Nxd4 e5 14. N4f3 d4 15.
exd4 exd4 16. Nb3 d3 17. Nfd4 Bf5 18. Re1 Bg6 19. Bf1 Qd7 20. Bxd3 Rbd8 21. Bxg6
Nxg6 22. c5 Qh3 23. Qf3 Rd5 24. Qg2 Qh5 25. Nc6 Ng4 26. Ne7+ Nxe7 27. Rxe7 Ne5
28. Kh1 Rd1+ 29. Rxd1 Qxd1+ 30. Qg1 Qd5+ 31. Qg2 Nf3 32. Re1 Rd8 33. Rf1 g5 34.
g4 Kg7 35. Rc1 h5 36. c6 hxg4 37. c7 Rh8 38. Nc5 Qe5 0-1

[Event "World Youth U16 Olympiad"]
[Site "Gyor HUN"]
[Date "2014.12.21"]
[Round "10.18"]
[Board "4"]
[White "Vasova, Maria"]
[Black "Bakos, Balazs"]
[Result "1-0"]
[WhiteElo "2031"]
[BlackElo "1695"]
[WhiteTeam "Bulgaria"]
[BlackTeam "Transdanubium West"]
[WhiteFideId "2900955"]
[BlackFideId "765147"]
[EventDate "2014.12.13"]

1. e4 c5 2. Nf3 e6 3. d4 cxd4 4. Nxd4 Nc6 5. c4 Nf6 6. Nc3 d6 7. Be2 Be7 8. O-O
O-O 9. Be3 a6 10. Qd2 Bd7 11. f3 Rc8 12. Rfd1 Qc7 13. Rac1 Qb8 14. b3 Rfd8 15.
Nc2 Re8 16. Na4 h6 17. Nb6 Rcd8 18. Bf1 Bc8 19. Qf2 Ne5 20. Rd2 Ned7 21. Rcd1
Nxb6 22. Bxb6 Rd7 23. a4 Bd8 24. a5 Bxb6 25. Qxb6 Red8 26. Nb4 Qa8 27. Rxd6 Rxd6
28. Rxd6 Rxd6 29. Qxd6 Qa7+ 30. c5 Nd7 31. Nd3 Qb8 32. Qxb8 Nxb8 33. Ne5 Nd7 34.
Nd3 Kf8 35. Kf2 Ke7 36. Ke3 Nb8 37. Kd2 Nc6 38. b4 Bd7 39. Kc3 Na7 40. Nb2 Kf6
41. Bd3 Bc6 42. Nc4 Nb5+ 43. Kd2 e5 44. Ne3 Nd4 45. Ng4+ Ke7 46. Nxe5 Be8 47.
Bc4 f6 48. Nd3 1-0

[Event "World Youth U16 Olympiad"]
[Site "Gyor HUN"]
[Date "2014.12.21"]
[Round "10.19"]
[Board "1"]
[White "Abdulla, Murad"]
[Black "Gorodetzky, David"]
[Result "0-1"]
[WhiteElo "1958"]
[BlackElo "2164"]
[WhiteTeam "Scotland"]
[BlackTeam "Rehovot Chess School"]
[WhiteFideId "2403757"]
[BlackFideId "2813416"]
[EventDate "2014.12.13"]

1. d4 e6 2. c4 Nf6 3. Nc3 Bb4 4. Qc2 d5 5. a3 Bxc3+ 6. Qxc3 Ne4 7. Qc2 c5 8.
dxc5 Nc6 9. Nf3 Qa5+ 10. Bd2 Nxd2 11. Qxd2 dxc4 12. Rc1 Qxc5 13. Qc3 e5 14. Qxc4
Qxc4 15. Rxc4 Be6 16. Rc3 f6 17. e3 Kf7 18. Be2 Ne7 19. O-O Rac8 20. Rfc1 g5 21.
Nd2 f5 22. g4 Rxc3 23. Rxc3 Rc8 24. gxf5 Bxf5 25. Rxc8 Nxc8 26. Nc4 Ke6 27. Kf1
Kd5 28. Ke1 e4 29. Kd2 g4 30. Kc3 h5 31. Na5 Nd6 32. Nb3 Bd7 33. Nd4 Ke5 34. b3
Nf7 35. Bc4 Ng5 36. Kd2 Nh7 37. Ne2 Be8 38. Bg8 Nf6 39. Bc4 b5 40. Bxb5 Bxb5 41.
Nc3 Bc6 42. b4 Nd5 43. Ne2 a6 44. Nd4 Bd7 45. Nb3 Nb6 46. Kc3 Kd5 47. Nd4 Nc4
48. Ne2 Nxa3 49. Nf4+ Ke5 50. Nxh5 Be6 51. Nf4 Nb5+ 52. Kb2 Bf7 53. Ne2 Bc4 54.
Ng3 Bd3 55. Nh5 Nc7 56. Kb3 Nd5 57. Ng3 Kf6 58. Nh5+ Kg5 59. Ng7 Kh4 60. Nf5+
Kh3 0-1

[Event "World Youth U16 Olympiad"]
[Site "Gyor HUN"]
[Date "2014.12.21"]
[Round "10.19"]
[Board "2"]
[White "Zlatin, Alexander"]
[Black "Koehn, Lennart"]
[Result "1-0"]
[WhiteElo "2032"]
[BlackElo "1846"]
[WhiteTeam "Rehovot Chess School"]
[BlackTeam "Scotland"]
[WhiteFideId "2810549"]
[BlackFideId "12938041"]
[EventDate "2014.12.13"]

1. e4 c5 2. c3 Nf6 3. e5 Nd5 4. d4 cxd4 5. Nf3 e6 6. cxd4 Nc6 7. Nc3 d6 8. exd6
Bxd6 9. Bc4 Nb6 10. Bb3 O-O 11. O-O Bd7 12. Re1 Rc8 13. Bc2 Be7 14. Bf4 Nb4 15.
Bb3 N4d5 16. Nxd5 Nxd5 17. Bxd5 exd5 18. Qb3 Bc6 19. Rac1 Bf6 20. Be5 Bg5 21.
Nxg5 Qxg5 22. Qb4 Rfe8 23. h3 f6 24. Bg3 Re4 25. Rxe4 dxe4 26. Rc5 f5 27. Qc4+ 1-0

[Event "World Youth U16 Olympiad"]
[Site "Gyor HUN"]
[Date "2014.12.21"]
[Round "10.19"]
[Board "4"]
[White "Gorodetzky, Matan"]
[Black "Gray, Euan"]
[Result "0-1"]
[WhiteElo "1751"]
[BlackElo "1625"]
[WhiteTeam "Rehovot Chess School"]
[BlackTeam "Scotland"]
[WhiteFideId "2813394"]
[BlackFideId "2405180"]
[EventDate "2014.12.13"]

1. e4 e5 2. Nf3 Nf6 3. d4 Nxe4 4. Bd3 d5 5. dxe5 Nc5 6. Be2 Nc6 7. c3 a5 8. O-O
Be7 9. Bf4 O-O 10. Nd4 Ne6 11. Bg3 Bc5 12. Nxe6 Bxe6 13. Kh1 Ne7 14. h3 Nf5 15.
Bh2 Qh4 16. g4 Ne7 17. Kg2 h5 18. Bg3 Qg5 19. f4 Qh6 20. f5 Bd7 21. Bd3 h4 22.
Bf4 Qb6 23. Qc2 Bc6 24. f6 d4+ 25. Kh2 Nd5 26. Bh7+ Kh8 27. Qf5 Nxf4 28. Qg5
Qxb2+ 0-1

[Event "World Youth U16 Olympiad"]
[Site "Gyor HUN"]
[Date "2014.12.21"]
[Round "10.20"]
[Board "1"]
[White "Holtman, Teodor"]
[Black "Egri, Laszlo Jr."]
[Result "1-0"]
[WhiteElo "2058"]
[BlackElo "2118"]
[WhiteTeam "Slovakia East"]
[BlackTeam "Transdanubium West 2"]
[WhiteFideId "14933721"]
[BlackFideId "703397"]
[EventDate "2014.12.13"]

1. e4 d6 2. Nc3 Nf6 3. Nf3 e5 4. Be2 Be7 5. d4 Nbd7 6. h3 c6 7. Be3 O-O 8. g4
exd4 9. Qxd4 Qb6 10. g5 Ne8 11. O-O-O Qxd4 12. Nxd4 Nc5 13. f4 Ne6 14. Nf5 Bd8
15. Bg4 Bb6 16. Bxb6 axb6 17. Rhf1 b5 18. a3 g6 19. Nxd6 Nxd6 20. Rxd6 Nc5 21.
e5 Be6 22. b4 Bxg4 23. hxg4 Na4 24. Ne4 Nb6 25. Nf6+ Kg7 26. Rh1 Rh8 27. Rh3 h6
28. gxh6+ Rxh6 29. Rxh6 Kxh6 30. Rd3 Kg7 31. Kb2 Nc4+ 32. Ka2 g5 33. Nh5+ Kf8
34. e6 fxe6 35. fxg5 Ke7 36. Nf6 Kf7 37. Rh3 Kg6 38. Ne4 e5 39. Rh6+ Kg7 40. Nf6
Rxa3+ 41. Kb1 Rg3 42. Nh5+ 1-0

[Event "World Youth U16 Olympiad"]
[Site "Gyor HUN"]
[Date "2014.12.21"]
[Round "10.20"]
[Board "2"]
[White "Czupor, Attila"]
[Black "Kravec, Patrik"]
[Result "1-0"]
[WhiteElo "2107"]
[BlackElo "1976"]
[WhiteTeam "Transdanubium West 2"]
[BlackTeam "Slovakia East"]
[WhiteFideId "752495"]
[BlackFideId "14923505"]
[EventDate "2014.12.13"]

1. e4 c5 2. d4 cxd4 3. c3 Nf6 4. e5 Nd5 5. cxd4 d6 6. Nf3 Nc6 7. Nc3 dxe5 8.
dxe5 Nxc3 9. Qxd8+ Nxd8 10. bxc3 Bd7 11. Be3 g6 12. Bd3 Bg7 13. Bd4 O-O 14. Ke2
Bc6 15. Rhd1 Ne6 16. g3 Rfd8 17. Bc4 Bd5 18. Bxd5 Rxd5 19. Be3 Rb5 20. Rab1 Rxb1
21. Rxb1 b6 22. Rd1 Rd8 23. Rxd8+ Nxd8 24. Kd3 Nc6 25. Bd4 Na5 26. c4 Nc6 27. a4
e6 28. c5 Nxd4 29. Kxd4 Kf8 30. cxb6 axb6 31. Kc4 f6 32. Kb5 fxe5 33. Ng5 Ke7
34. Kxb6 Kd6 35. a5 Kd5 36. Ne4 Kxe4 37. a6 Kf3 38. a7 e4 39. a8=Q Bd4+ 40. Kb5
Bxf2 41. Kc4 Bg1 42. h3 h5 43. Qc6 Kxg3 44. Qxe4 Kxh3 45. Qxg6 h4 46. Qxg1 1-0

[Event "World Youth U16 Olympiad"]
[Site "Gyor HUN"]
[Date "2014.12.21"]
[Round "10.20"]
[Board "3"]
[White "Sepesi, Samuel"]
[Black "Ugroczky, Peter"]
[Result "1-0"]
[WhiteElo "1925"]
[BlackElo "2057"]
[WhiteTeam "Slovakia East"]
[BlackTeam "Transdanubium West 2"]
[WhiteFideId "14923084"]
[BlackFideId "758663"]
[EventDate "2014.12.13"]

1. e4 c5 2. Nf3 d6 3. d4 cxd4 4. Nxd4 Nf6 5. Nc3 Nc6 6. Bc4 e6 7. Be3 Be7 8. Qe2
O-O 9. O-O-O a6 10. g4 Nxd4 11. Rxd4 e5 12. Rdd1 Bxg4 13. f3 Be6 14. Bb3 Qc7 15.
Rhg1 Rfd8 16. Qg2 g6 17. Bg5 Nh5 18. h4 Nf4 19. Bxf4 exf4 20. Bxe6 fxe6 21. h5
g5 22. Qg4 Qd7 23. h6 Kh8 24. e5 d5 25. Ne4 Rg8 26. Rge1 Rac8 27. Nd6 Bxd6 28.
exd6 Qa4 29. Re2 Qxa2 30. Qxe6 Qa1+ 31. Kd2 Qxb2 32. Ke1 Qc3+ 33. Kf2 g4 34. Rd3
Qa1 35. c3 g3+ 36. Kg2 1-0

[Event "World Youth U16 Olympiad"]
[Site "Gyor HUN"]
[Date "2014.12.21"]
[Round "10.20"]
[Board "4"]
[White "Szukics, Adam"]
[Black "Nadzamova, Sofia"]
[Result "1-0"]
[WhiteElo "2000"]
[BlackElo "1734"]
[WhiteTeam "Transdanubium West 2"]
[BlackTeam "Slovakia East"]
[WhiteFideId "751871"]
[BlackFideId "14928450"]
[EventDate "2014.12.13"]

1. e4 c5 2. Nf3 Nc6 3. d4 cxd4 4. Nxd4 e5 5. Nb5 d6 6. c4 Be7 7. Be2 Nf6 8. N1c3
a6 9. Na3 O-O 10. Be3 Be6 11. O-O Rc8 12. Nab1 Na5 13. b3 Qc7 14. f3 Rfd8 15.
Qe1 Nc6 16. Qf2 Rd7 17. Kh1 Nb4 18. Rc1 Nc6 19. Nd5 Qd8 20. Nb6 Rdc7 21. Nxc8
Rxc8 22. Nc3 Qe8 23. Bf1 h6 24. Qd2 Kh7 25. Nd5 Rd8 26. Rd1 Bxd5 27. cxd5 Nb8
28. Rac1 Nbd7 29. b4 Rc8 30. Rxc8 Qxc8 31. Rc1 Qb8 32. Qc3 Bd8 33. Qc8 Qxc8 34.
Rxc8 Bb6 35. Bxb6 Nxb6 36. Rc7 Na4 37. Rxb7 Nc3 38. a3 Nb1 39. a4 Nc3 40. a5 1-0

[Event "World Youth U16 Olympiad"]
[Site "Gyor HUN"]
[Date "2014.12.21"]
[Round "10.21"]
[Board "1"]
[White "Essop, Hishaam"]
[Black "Mirza, Diana"]
[Result "1-0"]
[BlackTitle "WCM"]
[WhiteElo "1749"]
[BlackElo "1768"]
[WhiteTeam "South Africa 1"]
[BlackTeam "Ireland"]
[WhiteFideId "14306549"]
[BlackFideId "2503999"]
[EventDate "2014.12.13"]

1. e4 c5 2. Nc3 Nc6 3. g3 g6 4. Bg2 Bg7 5. Nge2 e5 6. d3 Nge7 7. O-O O-O 8. Be3
d6 9. Qd2 Nd4 10. f4 f5 11. fxe5 dxe5 12. Bg5 Bf6 13. Bxf6 Rxf6 14. exf5 Nexf5
15. Rae1 Rb8 16. Nd5 Rd6 17. Nxd4 exd4 18. g4 Ne3 19. Nxe3 dxe3 20. Qxe3 Bxg4
21. Qxc5 Rc8 22. Re8+ Qxe8 23. Qxd6 Bf5 24. Qd4 Be6 25. c4 b6 26. Qf6 Qf7 27.
Qe5 Qd7 28. Rf6 Bf7 29. Rxf7 Kxf7 30. Bd5+ Kf8 31. Qf6+ Ke8 32. Be6 Qc7 33. Bxc8
Qc5+ 34. d4 Qxc8 35. Qh8+ Kd7 36. Qxc8+ Kxc8 37. b4 Kc7 38. a4 a6 39. b5 axb5
40. axb5 Kd6 41. Kf2 g5 42. Kf3 h5 43. Ke4 Ke6 44. c5 1-0

[Event "World Youth U16 Olympiad"]
[Site "Gyor HUN"]
[Date "2014.12.21"]
[Round "10.21"]
[Board "2"]
[White "Higgins, Michael"]
[Black "Roos, Lucas"]
[Result "1-0"]
[WhiteElo "1559"]
[BlackElo "1732"]
[WhiteTeam "Ireland"]
[BlackTeam "South Africa 1"]
[WhiteFideId "2507153"]
[BlackFideId "14308673"]
[EventDate "2014.12.13"]

1. c4 Nf6 2. g3 g6 3. Bg2 Bg7 4. Nc3 c6 5. d3 O-O 6. e3 d5 7. cxd5 cxd5 8. Nf3
Nc6 9. O-O a6 10. Rb1 b5 11. a3 Bb7 12. Qc2 Rc8 13. Qe2 Ne8 14. Bd2 Na5 15. d4
Nd6 16. b3 Qb6 17. Ne1 Ne4 18. Nxe4 dxe4 19. Bb4 Rfe8 20. Qd2 Nc6 21. Bc5 Qa5
22. Qc2 f5 23. f3 Nxd4 24. Qa2 Rxc5 25. b4+ Bd5 26. Qd2 Qxa3 27. bxc5 Ba2 28.
Rd1 exf3 29. Nxf3 Bh6 30. Rfe1 Nxf3+ 31. Bxf3 Bg7 32. Bd5+ Bxd5 33. Qxd5+ Kf8
34. c6 Bc3 35. Re2 Ba5 36. Qd7 Rd8 37. Qxd8+ Bxd8 38. Rxd8+ Kf7 39. Rc2 Qxe3+
40. Kf1 Qf3+ 41. Ke1 Qe3+ 42. Kd1 Qg1+ 43. Kd2 Qf2+ 44. Kc1 Qe1+ 45. Rd1 Qe3+
46. Rdd2 Qa3+ 47. Kb1 Qb4+ 48. Rb2 Qe4+ 49. Rdc2 Qe1+ 50. Ka2 Qa5+ 51. Kb3 Qa4+
52. Kc3 e5 53. Kd2 Qd4+ 54. Ke2 Qe4+ 55. Kf2 f4 56. c7 Qd4+ 57. Ke1 Qg1+ 58. Ke2
Qxh2+ 59. Kd3 Qxg3+ 60. Ke4 Qe3+ 61. Kd5 Qd3+ 62. Kc6 Qe4+ 63. Kb6 Qd4+ 64. Kb7
Qd7 65. Rd2 Qf5 66. c8=Q Qxc8+ 67. Kxc8 Ke6 68. Kb7 e4 69. Rb4 e3 70. Re2 g5 71.
Kxa6 Kf5 72. Kxb5 h5 73. Kc4 f3 74. Rxe3 Kf4 75. Kd3+ Kg3 76. Rb5 g4 77. Rxh5
Kf2 78. Rg5 g3 79. Rxg3 Kxg3 80. Ke4 1-0

[Event "World Youth U16 Olympiad"]
[Site "Gyor HUN"]
[Date "2014.12.21"]
[Round "10.21"]
[Board "3"]
[White "Modi, Sachin"]
[Black "Keating, Geoffrey"]
[Result "1/2-1/2"]
[WhiteTitle "CM"]
[WhiteElo "1718"]
[BlackElo "1575"]
[WhiteTeam "South Africa 1"]
[BlackTeam "Ireland"]
[WhiteFideId "14304589"]
[BlackFideId "2505746"]
[EventDate "2014.12.13"]

1. e4 c6 2. Nf3 d5 3. Nc3 Bg4 4. h3 Bxf3 5. Qxf3 e6 6. d3 Nd7 7. g3 Ngf6 8. Bg2
Bb4 9. O-O Qa5 10. Ne2 O-O-O 11. c3 dxe4 12. dxe4 Ne5 13. Qf4 Bd6 14. Nd4 Qc7
15. Qe3 Ng6 16. b4 h5 17. f4 Be7 18. e5 Nd5 19. Bxd5 Rxd5 20. a4 Rhd8 21. Ba3 a5
22. bxa5 Qxa5 23. Bxe7 Nxe7 24. Rfb1 Nf5 25. Nxf5 exf5 26. Rb4 Rd3 27. Qf2 Rxc3
28. Rab1 Rc1+ 29. Rxc1 Qxb4 30. Qc2 Qd4+ 31. Kh1 Qd3 32. Qg2 Qd5 33. Ra1 Qxg2+
34. Kxg2 Rd3 35. a5 Kb8 36. Kf2 Ka7 37. Ra2 Ka6 38. g4 Rxh3 39. gxf5 Rh2+ 40.
Ke3 Rxa2 41. e6 fxe6 42. fxe6 Ra3+ 43. Ke2 Ra4 44. Ke3 Rxa5 45. e7 Ra1 46. Ke2
Ra4 47. Ke3 Ra1 48. Kd2 Ra2+ 49. Kd3 Ra3+ 50. Kd2 Ra2+ 51. Ke1 Ra1+ 52. Ke2 1/2-1/2

[Event "World Youth U16 Olympiad"]
[Site "Gyor HUN"]
[Date "2014.12.21"]
[Round "10.21"]
[Board "4"]
[White "Dwyer, Daniel"]
[Black "Breedt, Shade"]
[Result "0-1"]
[BlackTitle "WCM"]
[WhiteElo "1777"]
[BlackElo "1623"]
[WhiteTeam "Ireland"]
[BlackTeam "South Africa 1"]
[WhiteFideId "2507927"]
[BlackFideId "14304511"]
[EventDate "2014.12.13"]

1. e4 c5 2. Nf3 d6 3. d4 cxd4 4. Nxd4 Nf6 5. Nc3 g6 6. Be3 Bg7 7. f3 Nc6 8. Qd2
O-O 9. O-O-O Qa5 10. Nb3 Qc7 11. Be2 Be6 12. g4 Rfc8 13. Nb5 Qd8 14. h4 a6 15.
N5d4 Nxd4 16. Bxd4 Qc7 17. h5 Bxb3 18. axb3 Nxe4 19. fxe4 Bxd4 20. hxg6 Be3 21.
gxf7+ Kg7 22. f8=Q+ Kxf8 23. Rhf1+ Ke8 24. Bc4 Bxd2+ 25. Rxd2 Qa5 26. Rd5 Qa1+
27. Kd2 Qxb2 28. Rdf5 Rxc4 29. bxc4 Qd4+ 30. Kc1 Rc8 0-1

[Event "World Youth U16 Olympiad"]
[Site "Gyor HUN"]
[Date "2014.12.21"]
[Round "10.22"]
[Board "1"]
[White "Karas, Marek"]
[Black "Csuta, Akos Koppany"]
[Result "1-0"]
[WhiteElo "2170"]
[BlackElo "2027"]
[WhiteTeam "Slovakia West"]
[BlackTeam "Györ (Hungary)"]
[WhiteFideId "14928558"]
[BlackFideId "760390"]
[EventDate "2014.12.13"]

1. Nf3 Nf6 2. c4 g6 3. Nc3 Bg7 4. e4 c5 5. d4 cxd4 6. Nxd4 Nc6 7. Nc2 d6 8. Be2
O-O 9. O-O Be6 10. Be3 Rc8 11. Qd2 a6 12. b3 Qa5 13. f3 Rfd8 14. Rac1 Nd7 15.
Nd4 Nxd4 16. Bxd4 Bxd4+ 17. Qxd4 Qc5 18. Qxc5 Rxc5 19. Rfd1 Rdc8 20. a4 R5c6 21.
a5 Kf8 22. Nd5 Bxd5 23. exd5 R6c7 24. Kf2 b5 25. axb6 Rb7 26. f4 Rxb6 27. Ra1
Nc5 28. Rdb1 Nxb3 29. c5 dxc5 30. Rxa6 Rxa6 31. Bxa6 Ra8 32. Bb7 Ra2+ 33. Ke3
Ra3 34. g4 Nd4+ 35. Kd2 Rh3 36. Ba8 Rxh2+ 37. Kd3 Ra2 38. Bc6 Ra5 39. Rb8+ Kg7
40. Rb7 e6 41. Kc4 h6 42. Be8 exd5+ 43. Kxd5 Rb5 44. Bxb5 Ne6 45. f5 gxf5 46.
gxf5 Ng5 47. Kxc5 h5 48. Kd4 Kf6 49. Bc4 h4 50. Ke3 Kxf5 51. Bxf7 h3 52. Bd5 Ke5
53. Bh1 Kf5 54. Kf2 Kf4 55. Rb4+ Ke5 56. Kg3 Ne6 57. Kxh3 Nf4+ 58. Kg4 Ne6 59.
Bb7 Nc5 60. Rb5 Kd4 61. Bc6 Nd3 62. Kf5 Nc5 63. Rb4+ Kc3 64. Rh4 Nb3 65. Ke5 Nd2
66. Bd5 Nf1 67. Rh3+ Kc2 68. Kd4 Nd2 69. Rh2 Kc1 70. Kd3 Nb1 71. Rc2+ Kd1 72.
Bf3+ 1-0

[Event "World Youth U16 Olympiad"]
[Site "Gyor HUN"]
[Date "2014.12.21"]
[Round "10.22"]
[Board "2"]
[White "Nagy, Istvan Miklos"]
[Black "Kavon, Rastislav"]
[Result "0-1"]
[WhiteElo "1730"]
[BlackElo "2153"]
[WhiteTeam "Györ (Hungary)"]
[BlackTeam "Slovakia West"]
[WhiteFideId "760471"]
[BlackFideId "14925648"]
[EventDate "2014.12.13"]

1. e4 e5 2. Nf3 Nc6 3. Bc4 Bc5 4. Nc3 d6 5. h3 Be6 6. Bb5 Nf6 7. d3 h6 8. Be3
Bb6 9. Qd2 Bd7 10. d4 Qe7 11. d5 Nb8 12. Bc4 Ba5 13. Bd3 Na6 14. O-O-O Nc5 15.
Bxc5 dxc5 16. Rhe1 O-O-O 17. Ng1 Ne8 18. Nge2 Nd6 19. Ng3 g6 20. f3 Rde8 21. Kb1
Kb8 22. Rf1 h5 23. Rf2 h4 24. Nf1 c4 25. Be2 Bb6 26. Ne3 Qg5 27. f4 exf4 28. Ng4
Bxg4 29. Bxg4 Bxf2 30. Qxf2 Nxe4 31. Nxe4 Rxe4 32. Qc5 Qe7 33. Qa5 Qd6 34. Qc3
Rhe8 35. Bf3 Re3 36. Qxc4 Re1 37. Qd4 Rxd1+ 38. Qxd1 Qe5 39. a3 Qe1 40. Qxe1
Rxe1+ 41. Ka2 f5 42. Kb3 g5 43. c4 Re3+ 44. Kb4 Rxf3 45. gxf3 g4 46. hxg4 fxg4
47. fxg4 h3 48. c5 h2 49. d6 cxd6 50. cxd6 h1=Q 0-1

[Event "World Youth U16 Olympiad"]
[Site "Gyor HUN"]
[Date "2014.12.21"]
[Round "10.22"]
[Board "3"]
[White "Puskar, Peter"]
[Black "Kurcsics, Erika"]
[Result "1-0"]
[WhiteElo "2051"]
[BlackElo "1803"]
[WhiteTeam "Slovakia West"]
[BlackTeam "Györ (Hungary)"]
[WhiteFideId "14925842"]
[BlackFideId "713848"]
[EventDate "2014.12.13"]

1. d4 f5 2. g3 Nf6 3. Bg2 e6 4. c4 d5 5. Nf3 Be7 6. O-O O-O 7. b3 c6 8. Ba3 Nbd7
9. Bxe7 Qxe7 10. a4 Ne4 11. Na3 Ndf6 12. Ne5 Bd7 13. Nc2 Be8 14. Ne1 Bh5 15. f3
Nd6 16. N1d3 Nd7 17. a5 a6 18. Qd2 Nf7 19. Nxd7 Qxd7 20. Qe3 Rfe8 21. Ra4 Rac8
22. Nf4 Bg6 23. Rd1 dxc4 24. Rxc4 Nd6 25. Rc5 Bf7 26. Nd3 Nb5 27. Ne5 Qc7 28. b4
Rcd8 29. Rd3 Rd6 30. Qd2 Red8 31. e3 Qe7 32. f4 Rc8 33. Bf3 Qf6 34. Bd1 Rdd8 35.
Qg2 Be8 36. Bb3 Nd6 37. h3 Ne4 38. Rc1 Kh8 39. Kh2 Qe7 40. g4 Rc7 41. Rg1 Qd6
42. Ba2 Re7 43. Qb2 Nf6 44. Rg2 Nd5 45. Bxd5 exd5 46. Rd1 Qf6 47. Rdg1 Rc8 48.
Qc2 fxg4 49. Rxg4 Rcc7 50. Rg5 Qh6 51. Qf5 Kg8 52. Ng4 Qh4 53. Nf6+ Kh8 54. Nxe8
Rxe8 55. Rh5 g6 56. Qxg6 Qe7 57. Rxh7+ Qxh7 58. Qxe8+ 1-0

[Event "World Youth U16 Olympiad"]
[Site "Gyor HUN"]
[Date "2014.12.21"]
[Round "10.22"]
[Board "4"]
[White "Nemeth, Balint"]
[Black "Vrtiakova, Anna"]
[Result "0-1"]
[WhiteElo "1560"]
[BlackElo "1866"]
[WhiteTeam "Györ (Hungary)"]
[BlackTeam "Slovakia West"]
[WhiteFideId "763837"]
[BlackFideId "14927870"]
[EventDate "2014.12.13"]

1. e4 c5 2. Nf3 d6 3. c3 g6 4. Be2 Bg7 5. O-O Nf6 6. Re1 O-O 7. Bc4 Nc6 8. h3
Rb8 9. a4 Nxe4 10. Bxf7+ Rxf7 11. Rxe4 Bf5 12. Re1 Bh6 13. d4 Bxc1 14. Qxc1 cxd4
15. cxd4 Nb4 16. Re2 Rc8 17. Nc3 Qa5 18. Qh6 Nd3 19. Ng5 Rg7 20. Nce4 Qd5 21.
Qh4 Qxd4 22. Nf3 Qb6 23. Nc3 e6 24. Ng5 d5 25. a5 Qc6 26. g4 Nf4 27. Ree1 Bd3
28. Qg3 Rf8 29. Nxe6 Nxe6 30. Qxd3 Nf4 31. Qe3 d4 32. Qe4 dxc3 33. Qxc6 bxc6 34.
bxc3 Nxh3+ 0-1

[Event "World Youth U16 Olympiad"]
[Site "Gyor HUN"]
[Date "2014.12.21"]
[Round "10.23"]
[Board "1"]
[White "Lee, Jun Hyeok"]
[Black "Oltman, Kayla"]
[Result "1-0"]
[WhiteTitle "FM"]
[WhiteElo "2022"]
[BlackElo "1529"]
[WhiteTeam "South Korea 1"]
[BlackTeam "South Africa (Girls)"]
[WhiteFideId "13202340"]
[BlackFideId "14318490"]
[EventDate "2014.12.13"]

1. Nf3 Nc6 2. e4 e5 3. Bb5 Nge7 4. c3 a6 5. Ba4 b5 6. Bb3 d5 7. exd5 Nxd5 8. d4
exd4 9. O-O Be7 10. cxd4 O-O 11. h3 Bb7 12. Nc3 Na5 13. Bc2 Nxc3 14. bxc3 Nc4
15. Re1 Re8 16. Qd3 g6 17. Bf4 c5 18. Ne5 Qd5 19. Qg3 Nxe5 20. Rxe5 Bh4 21. Qh2
Rxe5 22. Bxe5 f6 23. Bg3 Bxg3 24. Qxg3 cxd4 25. Bb3 dxc3 26. Bxd5+ Bxd5 27. Qxc3
Kg7 28. Qc7+ Kh6 29. Rd1 Bxa2 30. Rd7 Bg8 31. Qf4+ g5 32. Qxf6+ Kh5 33. g4+ Kh4
34. Qh6# 1-0

[Event "World Youth U16 Olympiad"]
[Site "Gyor HUN"]
[Date "2014.12.21"]
[Round "10.23"]
[Board "2"]
[White "Kolver, Michelle"]
[Black "Kwon, Sehyun"]
[Result "0-1"]
[WhiteElo "1584"]
[BlackElo "1947"]
[WhiteTeam "South Africa (Girls)"]
[BlackTeam "South Korea 1"]
[WhiteFideId "14307839"]
[BlackFideId "13203088"]
[EventDate "2014.12.13"]

1. d4 Nf6 2. Nf3 g6 3. Bg5 Ne4 4. Bh4 Bg7 5. c3 O-O 6. Nbd2 Nxd2 7. Nxd2 d5 8.
e4 dxe4 9. Nxe4 Qd5 10. Bd3 Bf5 11. f3 Re8 12. O-O Nd7 13. Qe2 e5 14. Bc4 Qa5
15. dxe5 Nxe5 16. Bb3 Nd7 17. Rad1 Nc5 18. Rd5 c6 19. Rdd1 Nxb3 20. axb3 Qb6+
21. Bf2 Qxb3 22. Ra1 a6 23. Ra3 Qe6 24. Re1 Bxe4 25. Qxe4 Qxe4 26. fxe4 Rad8 27.
Rb3 Rd7 28. Rb4 b5 29. Kf1 a5 30. Rb3 Bf8 31. c4 a4 32. Rc3 Bb4 33. Rce3 Bxe1
34. Rxe1 Rd2 35. cxb5 cxb5 36. e5 f6 37. e6 Rd6 38. e7 Rc6 39. Bd4 Kf7 40. Bc3
Rxe7 41. Rd1 Rb7 42. Rd4 a3 43. Rd1 b4 44. Bd4 a2 45. Ra1 b3 46. Bc3 Rxc3 47.
bxc3 b2 48. Rxa2 b1=Q+ 49. Kf2 Qxa2+ 50. Kf3 Re7 51. c4 Qe2+ 52. Kg3 Re3+ 53.
Kh4 Qh5# 0-1

[Event "World Youth U16 Olympiad"]
[Site "Gyor HUN"]
[Date "2014.12.21"]
[Round "10.23"]
[Board "3"]
[White "Nam, Ju Won"]
[Black "Samons, Marcelle"]
[Result "1-0"]
[WhiteElo "1435"]
[BlackElo "1539"]
[WhiteTeam "South Korea 1"]
[BlackTeam "South Africa (Girls)"]
[WhiteFideId "13203240"]
[BlackFideId "14318016"]
[EventDate "2014.12.13"]

1. e4 e6 2. d4 d5 3. exd5 exd5 4. Nf3 Bd6 5. Bd3 Ne7 6. O-O h6 7. c4 Be6 8. c5
Bxh2+ 9. Nxh2 Nd7 10. Nc3 c6 11. b4 h5 12. f4 g6 13. Qe2 Kf8 14. Bxg6 Nxg6 15.
f5 Bxf5 16. Rxf5 Qe8 17. Qxe8+ Rxe8 18. Bd2 Nh4 19. Rg5 f6 20. Rf1 Rh7 21. Rg3
Kf7 22. Nf3 Nf5 23. Ng5+ Ke7 24. Rxf5 fxg5 25. Re3+ Kd8 26. Rxe8+ Kxe8 27. Rxg5
Nf6 28. Re5+ Kf8 29. Rf5 Kg7 30. Re5 Kf8 31. b5 Ng4 32. Rf5+ Ke7 33. a4 Rh8 34.
Rg5 Kf7 35. Nxd5 cxd5 36. Rxd5 Nf6 37. Rf5 Ke6 38. Re5+ Kf7 39. c6 bxc6 40. bxc6
Rc8 41. d5 Kg6 42. Ba5 a6 43. c7 Ne8 44. d6 Nxd6 45. Re6+ Kf7 46. Rxd6 Ke7 47.
Rd8 Rxc7 48. Bxc7 h4 49. Ra8 Kd7 50. Rxa6 Kxc7 51. Rh6 Kb7 52. Rxh4 1-0